Rozpočet kraje jako nástroj finanční politiky při harmonizaci regionální politiky v ČR s regionální politikou EU

Realizácia regionálnej politiky na úrovni štátu a úrovni samostatného regiónu. Regionálna politika v ČR a jej ciele. Regionálna politika EÚ. Nástroje regionálnej politiky EÚ, ich ciele. Národný rozvojový plán ČR na obdobie 2000-2006, jeho priority a strategický cieľ. Programy podpory. Formy finančne...

Descrizione completa

Salvato in:
Dettagli Bibliografici
Autore principale: Peková, Jitka
Natura: Capitolo di libro
Lingua:ceco
Soggetti:
Tags: Aggiungi Tag
Nessun Tag, puoi essere il primo ad aggiungerne!!

MARC

LEADER 00000naa$a2200000$$$4500
001 0005937
005 20221128120935.3
041 0 |a cze 
044 |a SK 
245 1 0 |a Rozpočet kraje jako nástroj finanční politiky při harmonizaci regionální politiky v ČR s regionální politikou EU  |c aut. Jitka Peková 
520 |a Realizácia regionálnej politiky na úrovni štátu a úrovni samostatného regiónu. Regionálna politika v ČR a jej ciele. Regionálna politika EÚ. Nástroje regionálnej politiky EÚ, ich ciele. Národný rozvojový plán ČR na obdobie 2000-2006, jeho priority a strategický cieľ. Programy podpory. Formy finančnej podpory zo strany štátu. Dotácie z rozpočtu kraja. Návrh finančného plánu spoločného regionálneho operačného programu ČR (SROP). Rozdelenie prostriedkov SROP. Kraj ako územne vyšší samosprávny celok. Rozpočtová politika kraja. Príjmy a výdavky územných rozpočtov v ČR v roku 2001. Bežné a kapitálové výdavky rozpočtov krajov v ČR v roku 2001. 
610 2 0 |a kraje 
610 2 0 |a samospráva miestna 
610 2 0 |a samospráva regionálna 
610 2 0 |a rozpočty 
610 2 0 |a politika finančná 
610 2 0 |a politika regionálna 
610 2 0 |a Česko 
610 2 0 |a Európska únia 
100 1 |a Peková, Jitka